Gentleman -Alhamdulillah (Record no. 320471)

000 -LEADER
fixed length control field 00318 a2200133 4500
001 - CONTROL NUMBER
control field 85398
003 - CONTROL NUMBER IDENTIFIER
control field NUST
005 - DATE AND TIME OF LATEST TRANSACTION
control field 20180119193820.0
008 - FIXED-LENGTH DATA ELEMENTS--GENERAL INFORMATION
fixed length control field 180119b xxu||||| |||| 00| 0 eng d
082 ## - DEWEY DECIMAL CLASSIFICATION NUMBER
Classification number 891.4397 HUS
100 ## - MAIN ENTRY--PERSONAL NAME
Personal name Ashfaq Hussain
9 (RLIN) 9148
245 ## - TITLE STATEMENT
Title Gentleman -Alhamdulillah
250 ## - EDITION STATEMENT
Edition statement 19th
260 ## - PUBLICATION, DISTRIBUTION, ETC.
Place of publication, distribution, etc. Lahore
Name of publisher, distributor, etc. Idara matboaat-e-sulemani
Date of publication, distribution, etc. 2009
300 ## - PHYSICAL DESCRIPTION
Extent 230p.
942 ## - ADDED ENTRY ELEMENTS (KOHA)
Institution code [OBSOLETE] NUST-CAE
Koha item type Book
Call number prefix 891.4397 HUS
Source of classification or shelving scheme
Holdings
Withdrawn status Lost status Damaged status Not for loan Collection code Permanent Location Current Location Date acquired Total Checkouts Full call number Barcode Date last seen Price effective from Koha item type
          College of Aeronautical Engineering (CAE) College of Aeronautical Engineering (CAE) 04/03/2017   891.4397 HUS CAE84986 04/05/2017 04/05/2017 Book
© 2023 Central Library, National University of Sciences and Technology. All Rights Reserved.